000 01605nas a2200349 i 4500
001 184056
003 ES-MaACL
005 20250217134914.0
008 150227c1991 sp a|yp | b||pa d
022 _a1697-5804
040 _aES-MaACL
080 _a908(460.184)
245 0 0 _aBrigecio
_b: revista de estudios de Benavente y sus tierras.
260 _aBenavente (Zamora) :
_bCentro de Estudios Benaventanos "Ledo del Pozo",
_c[1991]-
300 _a14 v. :
_bil., fot., planos ;
_c24 cm.
310 _aAnual
362 1 _aNº 1 (1991)-
530 _aDisponible también en formato digital.
651 4 _aBenavente-
_xHistoria.
_9156156
651 4 _aZamora (Provincia)-
_xHistoria.
_9153451
651 4 _aZamora (Provincia)-
_xDescripción.
_9153452
655 7 _2tgfbne
_9226866
_aRevistas
710 2 _aCentro de Estudios Benaventanos "Ledo del Pozo"
_9144530
776 _iVersión en línea
_t Brigecio =
_xISSN 2660-4396
_0196279
_w196279
852 _aES-MaACL
_jHem-A-19
_hDonación: Centro de Estudios Benaventanos "Ledo del Pozo"
_cDEPO1
_zRevista muerta
_9191022
856 _uhttps://dialnet.unirioja.es/servlet/revista?codigo=7311
_ySumarios de la revista en Dialnet
866 0 _o1992(1993)1994-2002(2003-2004)2005-2006(2007-2009)2010-2013(2014-2018)-2020. Faltas 1993 (n.3) 2003 (n.13) 2004 (n.14) 2007(n.17) 2008(n.18) 2009 (n.19) 2014(n.24) 2015(n.25) 2016(n.26) 2017(n.27) 2018(n.28)
914 _ednr
942 _2udc
_cPERIODICA
955 _bOrex Digital
999 _c184056
_d184056